000 00671nam a2200181Ia 4500
003 GCL
008 140319s9999 xx 000 0 ara d
040 _aGCL /
_cGCL
082 0 4 _a338.956
_bم ت
100 1 _aمحمد اسامة عجاج
245 1 0 _aتغيرات على الخريطة السياسية لمنطقة الخليج /
_cمحمد اسامة عجاج
300 _a247 ص
490 _aالهيئة العامة للاستعلامات
_v0
650 0 4 _aمجلس دول التعاون الخليجى
650 0 4 _aالعالم العربى - الاحوال الاقتصادية
650 0 4 _aالبترول - العالم العربى
942 _2ddc
_cBK
999 _c40416
_d40416